| 000 | 02002cam a22002054a 4500 | ||
|---|---|---|---|
| 005 | 20250605164113.0 | ||
| 008 | 250528s ||||||||||||||||||||||||d | ||
| 035 | _a17985 | ||
| 020 | _a9789963258963 | ||
| 040 |
_aGR-AtMCL _bgre _dGR-AtMCL _eAACR2 |
||
| 245 | 1 | _aΔιοίκηση Ολικής Ποιότητας | |
| 260 |
_bΠ.Χ. Πασχαλίδης - Broken Hill Publishers Ltd, _c2016 |
||
| 300 | _a704 | ||
| 505 | 0 | _aΗ Έννοια και η Σημασία της Ποιότητας, Φιλοσοφίες Ποιότητας, Στατιστικός Έλεγχος Ποιότητας, Συστήματα Διασφάλισης Ποιότητας, Αρχές Διοίκησης Ολικής Ποιότητας, Τεχνικές και Εργαλεία ΔΟΠ, Benchmarking, Μοντέλα και Βραβεία Επιχειρηματικής Αριστείας, Καλές Πρακτικές (Best Practices), Ποιότητα στην Εκπαίδευση, Η Ποιότητα στην Υγεία, Η Ποιότητα στον Τραπεζικό Κλάδο, Η Ποιότητα στην Δημόσια Διοίκηση, Ευρετήριο. | |
| 520 | _aΗ Έννοια και η Σημασία της Ποιότητας, Φιλοσοφίες Ποιότητας, Στατιστικός Έλεγχος Ποιότητας, Συστήματα Διασφάλισης Ποιότητας, Αρχές Διοίκησης Ολικής Ποιότητας, Τεχνικές και Εργαλεία ΔΟΠ, Benchmarking, Μοντέλα και Βραβεία Επιχειρηματικής Αριστείας, Καλές Πρακτικές (Best Practices), Ποιότητα στην Εκπαίδευση, Η Ποιότητα στην Υγεία, Η Ποιότητα στον Τραπεζικό Κλάδο, Η Ποιότητα στην Δημόσια Διοίκηση, Ευρετήριο. | ||
| 700 | 1 |
_aΤσιότρας Γεώργιος Δ _91425 |
|
| 942 | _cBK | ||
| 999 |
_c3379 _d3379 |
||